000 00797nas a2200277 4500
001 BR2013005592
003 BR-BrBNA
005 20231205122637.0
007 ta
008 230509b bl.|||p| |||| 00| 00por d
040 _aBR-BrBNA
_bpor
_cBiblioteca Nacional de Agricultura
041 _a(Es)
072 _aH20
100 1 _aCúndom, M.A.
100 1 _aGutiérrez, S.A.
100 1 _aCejas, P.
100 1 _aCabrera, M.G.
245 1 _aExserohilum rostratum patógeno de Caryota en Argentina
650 _aPLANTA ORNAMENTAL
650 _aNECROSE
650 _aFUNGO
650 _aPATOGENICIDADE
773 0 _tSumma Phytopathologica (Brazil)
_xISSN 0100-5405
_g(Jul-Sep 2006), v. 32(3) p. 277-279
_wBR2013005592
909 _a202311
_bLúcia
_c55
_dLúcia Elande
942 _2AGRIS
_n0
_cANA
999 _c229743
_d229743